000 01055 a2200229 4500
001 25520
005 20260407155539.0
008 260407a1971 arg spa d
003 AR-UNSa-BCEJYS
040 _aAR-UNSa-BCEJYS
_bspa
_cAR-UNSa-BCEJYS
080 _a657
_xContabilidad
245 1 0 _aContabilidad para la gerencia
264 1 _aBuenos Aires :
_bProlam
_c1971
300 _a308 p.
_c23 cm.
505 _a1. Medio - 2. La transacción : Su origen y ordenamiento - 3. La pauta contable - 4. Ajustes - 5. El mayor general - 6. Depreciación y bienes de uso - 7. Balance general - 8. Participación de los accionistas - 9. El estado de resultados - 10. Estados consolidados - 11. Costos y su control - 12. Contabilidad y dirección - 13. Contabilidad presupuestaria - 14. Estado de flujo - 15. Función de la auditoría - 16. Los estados financieros : resultados.
041 _aspa
942 _cBK
590 _aniveau_biblio:m niveau_hierar:0
100 1 _aNardelli, Jorge R.
700 1 _aKohler, Eric L.
700 1 _aManzanal, Mercedes P. de
999 _c1393
_d1393